Revelations from the Revelation. (Record no. 18217)

000 -LEADER
fixed length control field 00401nam a22001337a 4500
008 - FIXED-LENGTH DATA ELEMENTS--GENERAL INFORMATION
fixed length control field 120406t xxu||||| |||| 00| 0 eng d
050 ## - LIBRARY OF CONGRESS CALL NUMBER
Classification number BS 2825.3
Item number .T37
100 ## - MAIN ENTRY--PERSONAL NAME
Personal name Tapp, N. Cleo.
9 (RLIN) 2360
245 ## - TITLE STATEMENT
Title Revelations from the Revelation.
260 ## - PUBLICATION, DISTRIBUTION, ETC. (IMPRINT)
Place of publication, distribution, etc Springfield, Mo
Name of publisher, distributor, etc Narvia Press
Date of publication, distribution, etc 1985.
300 ## - PHYSICAL DESCRIPTION
Extent 147 p.
Dimensions 22 cm.
650 ## - SUBJECT ADDED ENTRY--TOPICAL TERM
Topical term or geographic name as entry element N. T. Revelation
General subdivision Criticism, interpretation.
9 (RLIN) 2361
942 ## - ADDED ENTRY ELEMENTS (KOHA)
Source of classification or shelving scheme
Item type Books
Copies
Permanent location Copy number Lost status Damaged status Price effective from Not for loan Full call number Current location Date acquired Shelving location Date last seen Withdrawn status Barcode Source of classification or shelving scheme Koha item type
RHEMA Bible Training College1  2012-04-06 BS 2825.3 .T37RHEMA Bible Training College2012-04-06General Stacks2018-04-03 22552 Books